| 000 | 01256cam a22002894a 4500 | ||
|---|---|---|---|
| 001 | 12283097 | ||
| 005 | 20010807171435.0 | ||
| 008 | 010119s2002 nju | b 001 0 eng d | ||
| 010 | _a 2001018546 | ||
| 020 | _a0130910554 | ||
| 040 |
_aDLC _cDLC _dDLC |
||
| 042 | _apcc | ||
| 043 | _an-us--- | ||
| 050 | 0 | 0 |
_aKF902 _b.B37 2002 |
| 082 | 0 | 0 |
_221 _a343.73078624 _bBAR |
| 100 | 1 |
_aBartholomew, Stuart H. _913462 |
|
| 245 | 1 | 0 |
_aConstruction Contracting : _bBusiness and Legal Principles / _cStuart H. Bartholomew. |
| 250 | _a2nd ed. | ||
| 260 |
_aUpper Saddle River, NJ : _bPrentice Hall, _cc2002. |
||
| 300 |
_axxiv, 356 p. ; _c25 cm. |
||
| 504 | _aIncludes bibliographical references and index. | ||
| 650 | 0 |
_aConstruction contracts _zUnited States. _913463 |
|
| 942 |
_2ddc _cBB |
||
| 999 |
_c13874 _d13874 |
||